000 00441nam a2200181Ia 4500
001 11107
005 20260306161921.0
008 260306t2009||||xx |||||||||||||| ||spa||
041 _aESP
082 _a985.009
_bB96
100 _aBusto Duthurburu, José Antonio del
_eAUT
245 0 _aMemorias de un historiador
260 _c2009
300 _a329 páginas :
_c21 cm.
650 _aGEN
654 _aCHU
942 _cLIB
_dJUS
_fJUS
_2ddc
_n
999 _c11107
_d11107